| 000 | 01978cam a22004574i 4500 | ||
|---|---|---|---|
| 003 | PE-LiUPU | ||
| 005 | 20250731173257.0 | ||
| 008 | 150616s r 000 0 d | ||
| 035 | _a(Sirsi) a3584 | ||
| 040 |
_aPE-LiUPU _bspa _cPE-LiUPU _erda |
||
| 049 | _aPRUA | ||
| 082 | 0 | 4 |
_a262.1 _bH39 _221 |
| 245 | 0 | 0 | _aConstituyéndose en grupo: Su dinámica y problemática. |
| 264 | 1 |
_aBuenos Aires : _bCasa Bautista de Publicaciónes, _c1972]. |
|
| 300 |
_a110 páginas ; _c21 cm. |
||
| 336 |
_atext _2rdacontent |
||
| 337 |
_aunmediated _2rdamedia |
||
| 338 |
_avolume _2rdacarrier |
||
| 500 | _aEdición mimeografiada. | ||
| 505 | 0 | _aLlegando a ser: Presentando los procesos de grupo -- Reconciliación: Viviendo en el mundo -- Recordando el pasado: El pasado en el presente -- Descubriendo: El potencial de los demás -- Sintiendo: Oyendo el sentimiento -- Compartiendo: El evangelio y el yo -- Apoyando: Guardas de sus hermanos -- Dirigiendo: Encontrando la ayuda para vivir -- Decidiendo: Las decisiones y las demandas de la vida -- Confrontando: Disposición o resistencia al cambio -- Analizando: Los grupos en el ministerio estudiantil -- Retiros: La renovación de los recursos de la vida. | |
| 526 | _aSEG42 | ||
| 526 | _aSEG41 | ||
| 526 | _aSEG40 | ||
| 526 | _aSEG39 | ||
| 526 | _aP94 | ||
| 526 | _aP87 | ||
| 526 | _aP86 | ||
| 526 | _aP85 | ||
| 526 | _aP77 | ||
| 526 | _aP76 | ||
| 526 | _aP35 | ||
| 650 | 0 | 4 | _aGRUPOS. |
| 700 | 1 |
_aHendrix, John, _eeditor. |
|
| 910 |
_ajck _bjvq _cjck |
||
| 942 |
_2ddc _cBOOK |
||
| 949 |
_a262.1 H39 _wDEWEY _c1 _i17967 _lCCODEBUL1 _mBUL _p00.00 _r0 _sY _tBOOK _u19800623 _xTEOLOGIA _zUNKNOWN _0COMPRA _o.STAFF. Colección General |
||
| 994 |
_aC0 _bPEPRU |
||
| 596 | _a1 | ||
| 999 |
_a262.1 H39 _wDEWEY _c43847 _i17967 _f2021-11-12 _g5 _lCCODEBUL1 _mBUL _r0 _sY _tBOOK _u2015-6-16 _xTEOLOGIA _zUNKNOWN _0COMPRA _o.STAFF. Colección General _d43847 |
||
| 980 |
_81 _gALBERTO SANCHEZ Responsable de Automatización |
||